000 00799 a2200205 4500
001 60986
005 20260407155900.0
008 260407a1965 arg spa d
003 AR-UNSa-BCEJYS
040 _aAR-UNSa-BCEJYS
_bspa
_cAR-UNSa-BCEJYS
080 _a342.4
_xConstituciones. Asambleas legislativas. Asambleas nacionales (Reforma...)
245 1 0 _aLa Constitución Americana
264 1 _aBuenos Aires :
_bTEA (Tipográfica Editora Argentina)
_c1965
300 _a951 p.
_c24 cm.
505 _a1. El documento – 2. La unión – 3. El Poder Judicial – 4. La legislatura – 5. El Poder Ejecutivo – 6. Libertades de la primera enmienda – 7. Derecho de debido proceso.
041 _aspa
942 _cBK
590 _aniveau_biblio:m niveau_hierar:0
100 1 _aPritchett, C. Herman
999 _c7176
_d7176